Welcome to CU Library Online Public Access Catalogue (OPAC)

Construction specifications writing : (Record no. 8290)

MARC details
000 -LEADER
fixed length control field 00873cam a2200241 a 4500
001 - CONTROL NUMBER
control field 16008392
005 - DATE AND TIME OF LATEST TRANSACTION
control field 20251121112034.0
008 - FIXED-LENGTH DATA ELEMENTS--GENERAL INFORMATION
fixed length control field 091204s2010 nju b 001 0 eng
020 ## - INTERNATIONAL STANDARD BOOK NUMBER
International Standard Book Number 9780470380369
Qualifying information pbk.
020 ## - INTERNATIONAL STANDARD BOOK NUMBER
International Standard Book Number 0470380365
Qualifying information pbk.
050 00 - LIBRARY OF CONGRESS CALL NUMBER
Classification number TH425
Item number .R59 2010
082 00 - DEWEY DECIMAL CLASSIFICATION NUMBER
Classification number 692/.3
Edition information 22
245 00 - TITLE STATEMENT
Title Construction specifications writing :
Remainder of title principles and procedures /
Statement of responsibility, etc. Mark Kalin ... [et al.].
250 ## - EDITION STATEMENT
Edition statement 6th ed.
260 ## - PUBLICATION, DISTRIBUTION, ETC.
Place of publication, distribution, etc. Hoboken, N.J. :
Name of publisher, distributor, etc. John Wiley & Sons,
Date of publication, distribution, etc. c2010.
300 ## - PHYSICAL DESCRIPTION
Extent xvi, 506 p. ;
Dimensions 28 cm.
500 ## - GENERAL NOTE
General note Rev. ed. of: Construction specifications writing : principles and procedures / Harold J. Rosen, John R. Regener, Jr. 2005.
650 #0 - SUBJECT ADDED ENTRY--TOPICAL TERM
Topical term or geographic name entry element Specification writing.
650 #0 - SUBJECT ADDED ENTRY--TOPICAL TERM
Topical term or geographic name entry element Buildings
Form subdivision Specifications.
700 1# - ADDED ENTRY--PERSONAL NAME
Personal name Kalin, Mark.
700 1# - ADDED ENTRY--PERSONAL NAME
Personal name Rosen, Harold J.
Title of a work Construction specifications writing.
942 ## - ADDED ENTRY ELEMENTS (KOHA)
Source of classification or shelving scheme Library of Congress Classification
Koha item type Books
Edition 6th ed.
Suppress in OPAC No
999 ## -
-- 8290
-- 8290
Holdings
Withdrawn status Lost status Source of classification or shelving scheme Damaged status Not for loan Collection Home library Current library Shelving location Date acquired Total checkouts Full call number Barcode Date last seen Copy number Price effective from Koha item type
    Library of Congress Classification     Non-fiction Science Library (Miotso) Science Library (Miotso) General stacks 11/21/2025   TH425 .R59 CON SLM00005895 11/21/2025 1 11/21/2025 Books
    Library of Congress Classification     Non-fiction Science Library (Miotso) Science Library (Miotso) General stacks 11/21/2025   TH425 .R59 CON SLM00005896 11/21/2025 2 11/21/2025 Books
    Library of Congress Classification     Non-fiction Science Library (Miotso) Science Library (Miotso) General stacks 11/21/2025   TH425 .R59 CON SLM00005897 11/21/2025 3 11/21/2025 Books
    Library of Congress Classification     Non-fiction Science Library (Miotso) Science Library (Miotso) General stacks 11/21/2025   TH425 .R59 CON SLM00005898 11/21/2025 4 11/21/2025 Books
    Library of Congress Classification     Non-fiction Science Library (Miotso) Science Library (Miotso) General stacks 11/21/2025   TH425 .R59 CON SLM00005899 11/21/2025 5 11/21/2025 Books
    Library of Congress Classification     Non-fiction Science Library (Miotso) Science Library (Miotso) General stacks 11/21/2025   TH425 .R59 CON SLM00005900 11/21/2025 6 11/21/2025 Books
© 2023-2024 Copyright: Central University Libraries. All Rights Reserved | Created by: Mahone Tech Office